000 00639nam a22002057a 4500
999 _c17822
_d17822
003 OSt
005 20230119141238.0
008 230119b ||||| |||| 00| 0 eng d
040 _c0
082 _aDPer 370.5 M720 June - December 2017 v66 no. 1-7
100 _aSalazar, Alfonso Jr. M.
_eauthor.
_947353
245 _aCarabao Milk /
_cAlfonso M. Salazar Jr.
260 _aPhilippines :
_bPapi Publishers, Inc.,
_cJuly 2017.
300 _avolume 66, page 64.
650 _aDairy products.
_947354
650 _aMilk.
_916570
650 _aDairying.
_947355
700 _aSalazar, Alfonso Jr. M.
_eauthor.
_947353
942 _2ddc
_cPER